| 000 | 00550nam a2200205 a 4500 | ||
|---|---|---|---|
| 001 | 2406 | ||
| 003 | CDMR | ||
| 005 | 20131126105052.0 | ||
| 008 | 130130s1984||||||||||||||||||||||||||||d | ||
| 020 | _a8470463179 | ||
| 040 |
_aCDMR _bcat _cCDMR |
||
| 100 | 1 |
_aVioque, Juan _91800 |
|
| 245 | 1 | 3 |
_aLa utilización de la prensa en la escuela _cJuan Vioque |
| 260 |
_aMadrid _c1984 _bCincel |
||
| 300 | _a141 p. | ||
| 490 | 0 |
_aGuías para el educador _v7 |
|
| 650 | 0 | 4 |
_94387 _aPremsa i educació |
| 650 | 0 | 4 |
_92734 _aPeriodisme _xEnsenyament |
| 942 |
_cMON _2udc |
||
| 999 |
_c2406 _d2406 |
||